Se pedirá cuenta : muerte y figura de Juan Pablo I / Jesús López Saez

Guardado en:
Bibliografiske detaljer
Hovedforfatter: López Saez, Jesús (autor)
Format: Bog
Fag:
Tags: Tilføj Tag
Ingen Tags, Vær først til at tagge denne postø!

MARC

LEADER 00000nam^a2200000^u^4500
001 000550701
005 20250521000000.0
008 060220s1000^^^^^^^^^^^^r^^^^^000^0^spa^d
009 20260310131539.607
035 |a FMI 000020480 
037 |a Acervo Xavier Clavigero 
096 |a 3.6.2/182/B 
100 |a López Saez, Jesús  |e (autor) 
245 1 0 |a Se pedirá cuenta : muerte y figura de Juan Pablo I / Jesús López Saez 
264 |a Madrid : Orígenes, 1991 
300 |a 175 p. 
336 |a texto  |b txt  |2 rdacontenido 
337 |a sin mediación  |b n  |2 rdamedio 
338 |a volumen  |b nc  |2 rdasoporte 
649 |a XX 
650 |a 1.Juan Pablo I 
910 |a Fondo Francisco Migoya Covarrubias S.J. 
920 |a Impresos - Libros 
930 |a Fondos Especiales 
905 |a 134 
901 |a SBC15360  |b IT2  |c ESP  |u 20250521 
902 |a https://opac.biblio.iteso.mx/vufind/Record/000550701